000
00267nam a22001217a 4500
008
180215b xxu||||| |||| 00| 0 eng d
041
_a
eng
080
_2
3rd
_a
82
100
_a
21
101
_a
GJL
245
_a
Writing with a purpose
_c
Crimmon,J.M
942
_2
udc
_c
BK
999
_c
42614
_d
42614